The 3rd Thing You Need to Know: TV Shows Quiz Stats

 Plays Quiz Updated Dec 17, 2018

Support Sporcle.
Go Orange.
Score 0/20 Timer 04:00
0 Plays Today
% Correct
The Simpsons
92.5%
Doctor Who
91.5%
Breaking Bad
89.1%
Parks and Recreation
88.5%
The Walking Dead
87.5%
Alias
85.5%
Six Feet Under
85.3%
The Office (UK)
83.7%
The Sopranos
81.8%
Curb Your Enthusiasm
79.5%
% Correct
Monty Python's Flying Circus
74.4%
Louie
71.2%
Damages
69.9%
Cheers
53.5%
Shameless
53.4%
House
52.9%
Arrested Development
51%
Mad Men
48.4%
Grace and Frankie
40.9%
King of the Hill
36.6%

You're not logged in!

Compare scores with friends on all Sporcle quizzes.
OR
Log In
Forgot?

From the Vault

WWE Cage Match Participants

by nscox

Sports 10m
Cages and chambers and cells! Oh my!
Remove Ads.
Support Sporcle.
Get the best of Sporcle when you Go Orange. This ad-free experience offers more features, more stats, and more fun while also helping to support Sporcle. Thank you for becoming a member.

Show Comments

Extras

Top Quizzes Today


Score Distribution

Your Account Isn't Verified!

In order to create a playlist on Sporcle, you need to verify the email address you used during registration. Go to your Sporcle Settings to finish the process.

Report this User

Report this user for behavior that violates our Community Guidelines.

Details: